| 000 | 00518nam a22001697a 4500 | ||
|---|---|---|---|
| 003 | PILC | ||
| 005 | 20150112093448.0 | ||
| 008 | 131018t xxu||||| |||| 00| 0 eng d | ||
| 020 | _a9780071287708 | ||
| 050 |
_aHF 5549 _b.C336 2010 |
||
| 100 |
_aCascio, Wayne F. _930017 |
||
| 245 |
_aManaging human resource : _bproductivity, quality of work life, profits / _cWayne F. Cascio |
||
| 250 | _a8th ed. | ||
| 260 |
_aNew York ; _bMcGraw-Hill , _xyz2010. |
||
| 300 |
_a7419 pages : _billustration ; _c27 cm. |
||
| 942 |
_2lcc _cBK |
||
| 999 |
_c14991 _d14991 |
||